McGraw-Hill's engineering companion / (Record no. 61202)

000 -LEADER
fixed length control field 01520cam a2200373 a 4500
001 - CONTROL NUMBER
control field 13071737
003 - CONTROL NUMBER IDENTIFIER
control field NUST-PNEC
005 - DATE AND TIME OF LATEST TRANSACTION
control field 20170116180717.0
008 - FIXED-LENGTH DATA ELEMENTS--GENERAL INFORMATION
fixed length control field 030128s2002 nyua bf 001 0 eng
010 ## - LIBRARY OF CONGRESS CONTROL NUMBER
LC control number 2003268392
015 ## - NATIONAL BIBLIOGRAPHY NUMBER
National bibliography number GBA2-V7266
020 ## - INTERNATIONAL STANDARD BOOK NUMBER
International Standard Book Number 0071378367
035 ## - SYSTEM CONTROL NUMBER
System control number (OCoLC)ocm50403396
040 ## - CATALOGING SOURCE
Original cataloging agency UKM
Transcribing agency UKM
042 ## - AUTHENTICATION CODE
Authentication code pcc
050 00 - LIBRARY OF CONGRESS CALL NUMBER
Classification number TA151
Item number .M35 2003
082 04 - DEWEY DECIMAL CLASSIFICATION NUMBER
Classification number 620.2 GAN
Edition number 21
100 ## - MAIN ENTRY--PERSONAL NAME
9 (RLIN) 723
Personal name Ganic, Ejup N.
245 00 - TITLE STATEMENT
Title McGraw-Hill's engineering companion /
Statement of responsibility, etc. Ejup N. Ganic, editor in chief ; Tyler G. Hicks, editor ; contributions by Myke Predko.
246 30 - VARYING FORM OF TITLE
Title proper/short title Engineering companion
260 ## - PUBLICATION, DISTRIBUTION, ETC.
Place of publication, distribution, etc. New York :
Name of publisher, distributor, etc. McGraw-Hill,
Date of publication, distribution, etc. c2003.
300 ## - PHYSICAL DESCRIPTION
Extent 1 v. (various pagings) :
Other physical details ill. ;
Dimensions 23 cm.
500 ## - GENERAL NOTE
General note http://www.amazon.com/McGraw-Hills-Engineering-Companion-Ejup-Ganic/dp/0071378367/ref=sr_1_1?s=books&ie=UTF8&qid=1413879646&sr=1-1&keywords=0071378367
504 ## - BIBLIOGRAPHY, ETC. NOTE
Bibliography, etc. note Includes bibliographical references and index.
650 #0 - SUBJECT ADDED ENTRY--TOPICAL TERM
Topical term or geographic name entry element Engineering
Form subdivision Handbooks, manuals, etc.
General subdivision ME
700 1# - ADDED ENTRY--PERSONAL NAME
Personal name Ganić, Ejup N.
700 1# - ADDED ENTRY--PERSONAL NAME
Personal name Hicks, Tyler Gregory,
Dates associated with a name 1921-
700 1# - ADDED ENTRY--PERSONAL NAME
Personal name Predko, Michael.
856 42 - ELECTRONIC LOCATION AND ACCESS
Materials specified Contributor biographical information
Uniform Resource Identifier <a href="http://www.loc.gov/catdir/bios/mh041/2003268392.html">http://www.loc.gov/catdir/bios/mh041/2003268392.html</a>
856 41 - ELECTRONIC LOCATION AND ACCESS
Materials specified Table of contents
Uniform Resource Identifier <a href="http://www.loc.gov/catdir/toc/mh031/2003268392.html">http://www.loc.gov/catdir/toc/mh031/2003268392.html</a>
906 ## - LOCAL DATA ELEMENT F, LDF (RLIN)
a 7
b cbc
c copycat
d 2
e ncip
f 20
g y-gencatlg
942 ## - ADDED ENTRY ELEMENTS (KOHA)
Source of classification or shelving scheme
Koha item type Book
Holdings
Withdrawn status Lost status Source of classification or shelving scheme Damaged status Not for loan Permanent Location Current Location Shelving location Date acquired Source of acquisition Cost, normal purchase price Total Checkouts Full call number Barcode Date last seen Cost, replacement price Price effective from Koha item type
          Pakistan Navy Engineering College (PNEC) Pakistan Navy Engineering College (PNEC) Reference 09/17/2007 Capital Book Company 4336.18   620.2 GAN PNECLIB-028461 10/21/2014 4336.18 09/17/2007 Book
© 2023 Central Library, National University of Sciences and Technology. All Rights Reserved.